LEADER 00726nam2-22002771i-450- 001 990001352550403321 035 $a000135255 035 $aFED01000135255 035 $a(Aleph)000135255FED01 035 $a000135255 100 $a--------d--------km-y0itay50------ba 101 0 $aeng 200 1 $a<>History of Chemistry$fBy J.R. Partington 210 $aLondon$cMacmillan$d1962 300 $aVol. 3 461 1$1001000135252 610 0 $aStoria della scienza 676 $a509 700 1$aPartington,$bJonathan R.$028204 801 0$aIT$bUNINA$gRICA$2UNIMARC 901 $aBK 912 $a990001352550403321 952 $a6-126.002$b$fFI1 959 $aFI1 996 $aHistory of Chemistry$9375655 997 $aUNINA LEADER 01736nam 2200385 n 450 001 996394779703316 005 20210104164214.0 035 $a(CKB)3810000000008735 035 $a(EEBO)2240877637 035 $a(UnM)99860287e 035 $a(UnM)99860287 035 $a(EXLCZ)993810000000008735 100 $a19850603d1644 uy | 101 0 $aeng 135 $aurbn||||a|bb| 200 10$aThrenodia. The churches lamentation for the good man his losse$b[electronic resource] $edelivered in a sermon to the Right honourable the two Houses of Parliament, and the Reverend Assembly of Divines, at the funerall of that excellent man John Pym, Esquire, late a member of the Honourable House of Commons. Preached in the Abbey-Church of Westminster, by Stephen Marshall, B.D. Minister of Gods word at Finching-field in Essex. Published by order of the House of Commons 210 $aLondon $cPrinted for Stephen Bowtell, and are to be sold at his shop in Popes head Alley$d1644 215 $a[6], 42 p., [1] leaf of plates $cill. (port.) 300 $a"Threnodia" in line one of title is transliterated from Greek. 300 $a"Published by order of the House of Commons." 300 $aReproduction of original in: Harvard University. Library. 330 $aeebo-0018 606 $aFuneral sermons$y17th century 606 $aSermons, English$y17th century 615 0$aFuneral sermons 615 0$aSermons, English 700 $aMarshall$b Stephen$f1594?-1655.$01001459 801 0$bCu-RivES 801 1$bCu-RivES 801 2$bCStRLIN 801 2$bWaOLN 906 $aBOOK 912 $a996394779703316 996 $aThrenodia. The churches lamentation for the good man his losse$92308985 997 $aUNISA